Kyo - Le graal (Toutes les paroles) - Statistiques

Statistiques générales
  • Ce quiz a été pris 742 fois
  • Le résultat moyen est 245 sur 307
Statistiques - réponses
Réponse % Correct
J'
99%
j'
99%
L'
99%
l'
99%
le
99%
Le
99%
Graal,
98%
ai
97%
et
97%
la
97%
La
97%
cherché
96%
Je
96%
les
96%
Les
96%
dans
95%
de
95%
ma
95%
se
95%
Comme
94%
comme
94%
éternelle
94%
j'ai
93%
jeu
93%
jeunesse
93%
chaque
92%
semaine
92%
veines
92%
Un
91%
un
91%
botox
90%
hier
90%
boire
89%
fumer
89%
arrête
88%
dimanche,
88%
rechuté
88%
du
87%
est
86%
sur
85%
Indy
79%
me
79%
as
78%
Mais
75%
cache
74%
cinquième
74%
manche
74%
par
74%
sans
74%
Sans
74%
vie
74%
elle
72%
spectacle
72%
beauté
71%
cartes
70%
vouloir
69%
Estomaqué
68%
marche
68%
compter
66%
recoudre
65%
sait
65%
sang
65%
l'arcade
64%
joueuse
63%
anesthésie,
62%
on
62%
puisqu'
62%
ses
62%
Terre
62%
pieds
61%
carrelage
60%
que
59%
Quand
58%
espace,
56%
y
56%
braises
55%
coup
55%
oublie
55%
problèmes
55%
dur
54%
hommes
54%
crois
53%
femmes
53%
fer
53%
mélange,
53%
nerfs
53%
tape
53%
Tous
53%
voit
53%
coma,
52%
depuis
52%
Satan
52%
vois
50%
anges
49%
des
48%
ici
46%
règles
44%
au
43%
bouquet
40%
final
40%
Pas
39%
flammes
38%
jusqu'
37%
glaçons
35%
peu
31%
corps,
29%
alcool
23%
biaiser
16%
d'autre
14%
enjeu
14%
Aucun quiz correspondant
Distribution des résultats
% des personnes avec chaque résultat
Percentile par nombre de réponses
Votre historique - résultats
Vous n’avez pas pris ce quiz